000 01034cam a22003014a 4500
999 _c57455
_d57455
001 12842360
005 20200623141458.0
008 020703s2003 njua b 001 0 eng
010 _a 2002029263
020 _a0130661023
020 _a97801306610229
040 _aDLC
_cDLC
_dDLC
042 _apcc
050 0 0 _aTK5105.5
_b.T36 2003
080 _a004.7 T-19
082 0 0 _a004.6
_221
100 1 _aTanenbaum, Andrew S.,
_d1944-
_98708
245 1 0 _aComputer networks /
_cAndrew S. Tanenbaum.
250 _a4th ed.
260 _aUpper Saddle River, NJ :
_bPrentice Hall PTR,
_cc2003.
300 _axx, 891 p. :
_bill. ;
_c25 cm.
504 _aIncludes bibliographical references (p. 835-868) and index.
650 0 _aComputer networks.
_98709
653 _aკომპიუტერული ტექნოლოგიები
906 _a7
_bcbc
_corignew
_d1
_eocip
_f20
_gy-gencatlg
942 _2udc
_cBK
955 _apc16 2002-07-03 to ASCD
_cjg14 2002-07-05
_aaa20 2002-07-12
_aps07 2002-11-05 bk rec'd, to CIP ver.;